[Event "Khanty-Mansiysk FIDE GP (Women)"]
[Site "Khanty-Mansiysk"]
[Date "2014.04.14"]
[Round "5"]
[White "Girya, Olga"]
[Black "Ushenina, Anna"]
[Result "1/2-1/2"]
[WhiteElo "2450"]
[BlackElo "2501"]
[Annotator "ChessBase Website"]
[PlyCount "76"]
[EventDate "2014.04.09"]
[EventType "tourn"]
[EventRounds "11"]
[EventCountry "RUS"]
[EventCategory "10"]
[SourceTitle "CBM 160"]
[Source "ChessBase"]
[SourceDate "2014.05.15"]
[SourceVersion "1"]
[SourceVersionDate "2014.05.15"]
[SourceQuality "1"]
[TimeControl "40/5400+30:1800+30"]
[WhiteClock "1:30:00"]
[BlackClock "1:30:00"]

1. d4 {[%emt 0:00:00]} d5 {[%emt 0:00:00]} 2. c4 {[%emt 0:00:00]} c6 {[%emt 0:
00:00]} 3. Nf3 {[%emt 0:00:00]} Nf6 {[%emt 0:00:11]} 4. Nc3 {[%emt 0:00:00]} e6
{[%emt 0:00:28]} 5. Bg5 {[%emt 0:00:00]} Nbd7 {[%emt 0:00:19]} 6. e3 {[%emt 0:
01:53]} Qa5 {[%emt 0:00:30]} 7. cxd5 {[%emt 0:00:16]} Nxd5 {[%emt 0:00:32]} 8.
Qd2 {[%emt 0:00:14]} Bb4 {[%emt 0:00:45]} 9. Rc1 {[%emt 0:00:06]} h6 {[%emt 0:
01:23]} 10. Bh4 {[%emt 0:00:07]} b6 {[%emt 0:00:55]} 11. Bd3 {[%emt 0:14:58]} (
11. a3 Bxc3 12. bxc3 c5 13. c4 Qxd2+ 14. Nxd2 Ne7 15. f3 f5 16. Nb3 Ba6 17.
dxc5 Nxc5 18. Nxc5 bxc5 19. Bg3 O-O-O 20. Be2 Nc6 21. Rc2 e5 22. h4 g6 23. Kf2
Rhf8 24. f4 h5 25. fxe5 Rfe8 26. Rb1 Nxe5 27. Rcb2 Nd3+ 28. Bxd3 Rxd3 29. Rb8+
Kd7 30. Rxe8 Kxe8 31. Rb8+ Kd7 32. Ra8 Bxc4 33. Rxa7+ Kc6 34. a4 Rd2+ 35. Kf3
Bd5+ 36. Kf4 Rxg2 37. Ra6+ Kb7 38. Rxg6 c4 39. Rg5 c3 40. Be1 c2 {Moiseenko,A 
(2711)-Dreev,A (2668) Khanty-Mansiysk 2013 0-1}) 11... Ba6 {[%emt 0:11:35]} 12.
O-O {[%emt 0:01:58]} O-O {[%emt 0:09:47]} 13. Bxa6 {[%emt 0:12:48]} Qxa6 {
[%emt 0:01:16]} 14. Qe2 {[%emt 0:03:30]} Qxe2 {[%emt 0:11:05]} 15. Nxe2 {
[%emt 0:00:02]} Rfc8 {[%emt 0:00:10]} 16. a3 $146 {[%emt 0:08:42]} (16. Rfd1 f5
17. Bg3 Be7 18. Ne5 Nxe5 19. Bxe5 Kf7 20. Kf1 c5 21. dxc5 Bxc5 22. Nd4 Be7 23.
Ke2 Bf6 24. Bxf6 Kxf6 25. Nc6 Ne7 26. Nxe7 Kxe7 27. e4 Rxc1 28. Rxc1 Kd6 29.
Ke3 Rf8 30. f4 fxe4 31. Kxe4 Rf5 32. Rc3 Ra5 33. a3 Ra4+ 34. Ke3 e5 35. fxe5+
Kxe5 36. Rc7 Kf6 37. Rd7 h5 38. h3 g6 39. g3 Kf5 40. Kf3 a6 41. Rd6 b5 42. h4
Ra5 43. Rd5+ Ke6 44. Rc5 Ra4 45. Rc6+ Kf5 {Delchev,A (2629)-Danielian,E (2454)
Cento 2011 1/2-1/2}) 16... Bf8 {[%emt 0:04:11]} 17. Rc2 {[%emt 0:00:27]} c5 {
[%emt 0:04:03]} 18. Rfc1 {[%emt 0:00:22]} a5 {[%emt 0:00:25]} 19. Nd2 {[%emt 0:
09:13]} b5 {[%emt 0:04:49]} 20. dxc5 {[%emt 0:03:15]} Rxc5 {[%emt 0:01:08]} 21.
Nd4 {[%emt 0:05:14]} b4 {[%emt 0:06:44]} 22. a4 {[%emt 0:00:04]} Rxc2 {[%emt 0:
08:08]} 23. Rxc2 {[%emt 0:00:19]} Nc5 {[%emt 0:00:32]} 24. b3 {[%emt 0:01:51]}
e5 {[%emt 0:06:18]} 25. N4f3 {[%emt 0:08:05]} f6 {[%emt 0:01:41]} 26. g4 {
[%emt 0:03:12]} Kf7 {[%emt 0:06:06]} 27. Kf1 {[%emt 0:01:58]} Ke6 {[%emt 0:00:
42]} 28. Ng1 {[%emt 0:02:15]} Rd8 {[%emt 0:10:00]} 29. Ne2 {[%emt 0:01:05]} Be7
{[%emt 0:02:39]} 30. e4 {[%emt 0:03:16]} Nc3 {[%emt 0:01:51]} 31. f3 {[%emt 0:
04:24] Ushenina used the Cambridge Springs defense to equalize without
problems against Girya. Slowly, the Ukrainian player outplayed her opponent
and she obtained a winning position. However, when the time to strike came,
Ushenina again missed her chance (31..Nb1! instead of 31...Rf3?) and she was
unable to convert. This seems to be a constant in Ushenina's games this
tournament.} Rd3 $4 {[%emt 0:03:41]} (31... Nb1) 32. Nc1 {[%emt 0:00:42]} Rd7 {
[%emt 0:00:26]} 33. Bf2 {[%emt 0:02:13]} Nb7 {[%emt 0:00:48]} 34. Ne2 {[%emt 0:
01:15]} Rd3 {[%emt 0:01:29]} 35. Nc1 {[%emt 0:01:17]} Rd7 {[%emt 0:00:25]} 36.
Ne2 {[%emt 0:00:34]} Rd3 {[%emt 0:00:25]} 37. Nc1 {[%emt 0:01:06]} Rd7 {
[%emt 0:00:07]} 38. Ne2 {[%emt 0:01:14]} Rd3 {[%emt 0:01:34]} 1/2-1/2

[Event "Novgorod"]
[Site "Novgorod"]
[Date "1995.05.30"]
[Round "4"]
[White "Kramnik, Vladimir"]
[Black "Ivanchuk, Vassily"]
[Result "1/2-1/2"]
[WhiteElo "2715"]
[BlackElo "2700"]
[Annotator "Dolmatov,S"]
[PlyCount "39"]
[EventDate "1995.05.??"]
[EventType "tourn"]
[EventRounds "9"]
[EventCountry "RUS"]
[EventCategory "17"]
[SourceTitle "CBM 048"]
[Source "ChessBase"]
[SourceDate "1995.10.01"]
[SourceVersion "1"]
[SourceVersionDate "1995.10.01"]
[SourceQuality "1"]

1. Nf3 Nf6 2. c4 c6 3. Nc3 d5 4. d4 e6 5. Bg5 Nbd7 6. e3 Qa5 7. cxd5 (7. Nd2
Bb4 8. Qc2 dxc4 $14) 7... Nxd5 8. Qd2 Bb4 9. Rc1 h6 (9... e5 10. a3 Bxc3 11.
bxc3 Qxa3 12. e4 $44) 10. Bh4 c5 (10... O-O 11. Bc4 Nxc3 12. bxc3 Ba3 13. Rb1
$16) 11. a3 (11. Bd3 cxd4 12. exd4 b6 $17 {Polugaevsky,L-Janosevic,D/Amsterdam/
1970/}) (11. e4 $5 cxd4 12. Qxd4 (12. exd5 $5 dxc3 13. bxc3 Ba3 14. dxe6 Bxc1
15. exd7+ Bxd7 16. Qxc1 Rc8 17. Bd3 Rxc3 18. Qe3+ Be6 19. O-O $16) 12... Nxc3 (
12... N5f6 13. Bc4 $14) 13. bxc3 Ba3 14. Qxg7 $14) 11... Bxc3 12. bxc3 b6 13.
e4 N5f6 14. Bd3 Bb7 15. d5 c4 $1 (15... exd5 $6 16. e5 Ne4 $2 (16... Ng4 17.
Qf4 $40) 17. Bxe4 dxe4 18. Qd6 g5 19. Nxg5 hxg5 20. Bxg5) 16. dxe6 (16. Bb1
exd5 17. e5 Ne4 18. Bxe4 dxe4 19. Qd6 Qc5 $17) 16... cxd3 17. exd7+ Nxd7 18.
Qxd3 g5 19. Bg3 Nc5 20. Qd6 (20. Qd6 Nxe4 21. Qc7 (21. Qe5+ Qxe5 22. Bxe5 O-O)
21... O-O $1 (21... Nxg3 $2 22. Qxb7 O-O 23. fxg3 $1 Rfe8+ 24. Kf2 $16) 22.
Qxb7 Nc5 $44 23. Qd5 (23. Qc6 Rfe8+ $40) 23... Rad8 24. Bd6 Rfe8+ $40) 1/2-1/2

[Event "Poikovsky Karpov 06th"]
[Site "Poikovsky"]
[Date "2005.02.27"]
[Round "2"]
[White "Grischuk, Alexander"]
[Black "Dreev, Alexey"]
[Result "1-0"]
[WhiteElo "2710"]
[BlackElo "2704"]
[Annotator "Erenburg,S"]
[PlyCount "69"]
[EventDate "2005.02.26"]
[EventType "tourn"]
[EventRounds "9"]
[EventCountry "RUS"]
[EventCategory "18"]
[SourceTitle "CBM 106"]
[Source "ChessBase"]
[SourceDate "2005.06.06"]
[SourceVersion "1"]
[SourceVersionDate "2005.06.06"]
[SourceQuality "1"]

1. d4 d5 2. c4 c6 3. Nc3 Nf6 4. Nf3 e6 5. Bg5 Nbd7 {Alexei is a great expert
of the Moscow variation, but against Grischuk he prefered the more solid
Cambridge Springs variation.} 6. e3 Qa5 7. cxd5 (7. Nd2 {is another
theoretical line.}) 7... Nxd5 8. Qd2 Bb4 9. Rc1 h6 10. Bh4 c5 {Other
theoretical possibilities are:} (10... O-O 11. Bd3 Re8 12. a3 Bxc3 13. bxc3
Qxa3 14. O-O e5 {---> 1-0 Shirov,A-Piket,J/Amsterdam 1995/CBM 49 [Shirov,A](36)
}) (10... b6 $5 {[%cal Gc8a6] ---> 1/2-1/2 Moiseenko,A-Nadyrhanov,S/Krasnodar
1999/CBM 75_02 (39)[Tsesarsky,I]}) 11. a3 {The most principled continuation.
White gets a pair of bishops, sacrificing the "a" pawn. White tried also:} (11.
Bd3 cxd4 12. exd4 O-O {---> 1-0 Georgiev,K-Rabiega,R/Ohrid 2001/CBM 084/
[Tsesarsky] (95)}) (11. Be2 cxd4 12. Nxd4 O-O 13. Nb3 Qb6 14. O-O Nxc3 15. bxc3
Ba3 16. Rb1 Qc7 $11 {0-1 Dimitrov,V-Pelletier,Y/Barcelona ESP 2000/The Week in
Chess 301 (75)}) (11. e4 $132 N5f6 12. Bd3 $4 (12. Bxf6 Nxf6 13. Bb5+ Bd7 (
13... Qxb5 $2 14. Nxb5 Bxd2+ 15. Nxd2 $16 {[%csl Rc5][%cal Gb5c7]}) 14. Bxd7+
Nxd7 15. a3 Bxc3 16. Qxc3 Qxc3+ 17. bxc3 Rc8 18. Ke2 Nf6 $132) 12... g5 $1 $19
{[%csl Rc3,Rh4][%cal Gg5g4,Gc5d4] ---> 0-1 Bosboom,M-Gurevich,M/Wijk aan Zee
2001/CBM 081/[Tsesarsky] (33)}) 11... Bxc3 12. bxc3 b6 {preparing to change
the light-squared bishop on a6. The capture on a3 is extremely dangerous for
black:} (12... Qxa3 $6 13. e4 N5f6 14. Bd3 Qa5 15. d5 exd5 (15... c4 16. Bxc4 (
16. Bb1 O-O 17. dxe6 fxe6 $17) 16... Nxe4 (16... exd5 17. exd5 $1 (17. Bxd5 $2
Nxd5 18. exd5 O-O 19. O-O f6 20. Rfe1 Nb6 21. c4 Qxd2 22. Nxd2 Bf5 23. f3 Rae8
24. Bf2 Rxe1+ 25. Rxe1 Nc8 (25... Rc8 26. Bxb6 axb6 27. Re7 b5 28. cxb5 Rc5 29.
Rxb7 $16) 26. g4 Bd7 $2 (26... Bg6 27. h4 $14 (27. Nb3 Re8 28. Rc1 b6 29. Nd4
$14) (27. c5 $6 Rd8 28. d6 b6 $11)) 27. c5 $1 Rd8 28. Nb1 Be8 (28... Bb5 29.
Nc3 Bc4 30. d6 b6 31. d7 $1) 29. Nc3 $16 {1-0 Gurevich,M-Cardon,H/Belgique
1994/Inf 60/ (41)}) 17... O-O 18. O-O Nb6 19. Bxf6 Nxc4 20. Qd4 gxf6 21. Qxc4
$16) 17. Qd4 exd5 18. Qxg7 (18. Bxd5 Nef6 19. Qe3+ Kf8 20. Bb3 g5 21. Bg3 Kg7
22. O-O Re8 $17) 18... Rf8 19. Qd4 Nb6 20. Bd3 Qa4 21. O-O $132) 16. e5 Ne4 17.
Bxe4 dxe4 18. Qd6 g5 19. Nxg5 (19. e6 fxe6 20. Qxe6+ Kf8 21. Qf5+ Kg7 22. Ne5
Nxe5 23. Qxe5+ Kh7 24. Qxe4+ Kg7 25. Bg3 $18) 19... Qb6 (19... hxg5 20. Bxg5 f6
21. exf6 $18) 20. Nxe4 Qxd6 21. Nxd6+ Kf8 22. f4 Nb6 23. O-O Rg8 24. f5 Nc4 25.
Nxc4 Rg4 26. Bf6 {1-0 Petursson,M-Halasz,T/Naestved op 1988 (26)}) 13. c4 {
One of the logical attempts to get an advantage. Alexander hopes to use his
pair of bishops in an endgame. White has the following alternatives:} (13. Bd3
Ba6 14. O-O N5f6 15. e4 Bxd3 16. Qxd3 cxd4 17. cxd4 O-O 18. Rc2 Rac8 19. Rfc1
Rxc2 20. Rxc2 Rd8 21. Bxf6 Nxf6 22. h3 b5 23. Rc5 {1/2-1/2 Khalifman,
A-Jussupow,A/Istanbul TUR 2000 (23)}) (13. Ne5 Nxe5 14. dxe5 g5 15. e4 Ne7 16.
Rd1 O-O 17. Bg3 {---> 0-1 Sherbakov,R-Goloshchapov,A/Ekaterinburg 1999/CBM 75 
[Tsesarsky,I] (58)}) (13. e4 N5f6 14. Bd3 Ba6 {---> 1/2-1/2 Atalik,S-Nogueiras,
J/Havana 1999/CBM 71[Tsesarsky,I](63)} (14... Bb7 {---> 1/2-1/2 Kramnik,
V-Ivanchuk,V/Novgorod 1995/CBM 048/[Dolmatov] (20)})) (13. Bg3 Bb7 {---> 0-1
Gligoric,S-Blagojevic,D/Herceg Novi 2001/CBM 83_01 [Tsesarsky,I](34)}) 13...
Qxd2+ 14. Nxd2 Ne7 $146 {The main idea of this move is a threat to eliminate
white's dark-squared bishop by Ne7-f5. In previous games black moved the
knight to f6:} (14... N5f6 {---> 0-1 Bareev,E-Fressinet,L/Cannes 2002/CBM 088/
[Tsesarsky] (42)}) 15. f3 {preparing the f2 square for the dark-squared bishop.
} (15. Be2 {is met by} Nf5) 15... Ba6 {Black's light-squared bishop has
nothing to do on a long diagonal, due to white's g2 and f3 pawns. In opposite,
it presses white's c4 pawn from a6.} 16. Be2 Rc8 17. O-O Nf5 18. Bf2 Ke7 {
connecting the rooks. It is logical to centralize the monarch in the endgame.}
19. Rfe1 g5 {occupying some space on the kingside.} 20. Bf1 Nd6 21. a4 {
White's plan is to carry out a4-a5 in order to create the weakness on black's
queenside.} Rhd8 22. Rc3 {[%cal Ye1a1] opening the first rank for a kingside
rook.} ({Worse is} 22. a5 $6 bxa5 23. Ra1 $2 cxd4 $17) 22... Nf6 {[%cal Gc5d4,
Yf6d5,Gd6f5] threatening to attack the central pawn with Nf5.} 23. Rc2 $1 Nd7 (
23... Nf5 {is met by} 24. Nb3) 24. Rec1 ({White gets nothing after} 24. a5 bxa5
25. Ra1 Nb7 26. Nb3 cxd4 27. exd4 Nb6 $11) 24... Nb8 {intending to transfer
the knight to a5 via c6. It should be noted, that the knight protects the a6
bishop as well.} 25. a5 cxd4 $6 ({Black could equalize after} 25... bxa5 26.
Ra2 Nc6 27. Nb3 cxd4 28. exd4 Bxc4 29. Bxc4 Nb4 30. Rxa5 Rxc4 31. Rxc4 Nxc4 32.
Rxa7+ Kf6 33. Ra4 Rb8 34. Nc5 Nb2 $1 $11) 26. axb6 axb6 27. exd4 b5 $6 ({
Better was} 27... Nf5 $5 28. d5 $1 exd5 29. Bd3 $1 $14) 28. c5 Nf5 29. Ra2 $2 {
missing more attractive continuation:} (29. Nb3 $1 b4 (29... Nc6 30. Ra1 Bb7
31. Bxb5 Ncxd4 32. Nxd4 Nxd4 33. Bxd4 Rxd4 34. Ra7 $18) 30. c6 {[%cal Yf2e1]}
Rc7 (30... Bxf1 31. c7 $16) 31. g4 $1 (31. Be1 Bxf1 32. Bxb4+ Kf6 33. Ba5 Rdc8
34. Bxc7 Rxc7 $11) 31... Nd6 32. d5 $1 {[%cal Yf2b6]} exd5 33. Bb6 Rdc8 34.
Bxc7 Rxc7 35. Bxa6 Nxa6 36. Re2+ Kf6 37. Ra2 Nb8 38. Ra8 Nxc6 39. Ra6 Nc4 40.
Nd4 $18) 29... Nxd4 30. Ne4 e5 ({Black doesn't equalize after} 30... Rc6 31.
Nd6 e5 32. Re1 Rcxd6 (32... Kf6 33. f4 $16) 33. cxd6+ Kxd6 34. Rea1 Bb7 35.
Bxd4 exd4 36. Bxb5 $14) 31. f4 $1 {using a vulnerable location of black's
monarch.} gxf4 $2 {losing an exchange, thus, allowing white to get a decisive
advantage...} (31... f6 32. Nd6 Rc6 (32... Rc7 33. Bxd4 exd4 34. Re2+ Kf8 35.
Rce1 Nc6 36. Re6 $16 {[%cal Yf1b5,Ge6f6,Gd6b5]}) 33. Bxd4 exd4 34. Re2+ Kf8 (
34... Kd7 35. Rd2 $16) 35. Rce1 $16 {[%cal Ye2e8]}) ({Black should have played:
} 31... exf4 $1 32. Nd6 (32. Re1 Ne6) 32... Rxc5 33. Rxc5 Rxd6 34. Rc7+ Kf6 {
[%cal Yd4c6]} 35. Rxa6 (35. Bxd4+ Rxd4 36. Ra7 Bc8 $11 {[%cal Yc8e6]}) 35...
Nxa6 36. Bxd4+ Rxd4 37. Rc6+ Kg7 38. Rxa6 b4 $11) 32. Bh4+ Ke6 (32... Kd7 {
doesn't change the evaluation of the position too much:} 33. Bxd8 Kxd8 (33...
Rxd8 34. c6+ Kc7 35. Nc5 Bc8 36. Ra7+ {[%cal Yc6c7]} Kxc6 37. Ne6+ $18) 34. Nd6
Rc7 35. Bxb5 Nxb5 36. Nxb5 Bxb5 37. Rb2 $18) 33. Bxd8 Rxd8 34. c6 $1 $18 {
[%csl Gb8][%cal Ye4c5,Gc6c7,Ya2a6] Black is going to lose furhter material...}
Rc8 (34... Ndxc6 {loses as well:} 35. Nc5+ Kf5 36. Nxa6 $18) 35. c7 1-0

[Event "Candidates (Women) final"]
[Site "Monte Carlo"]
[Date "1993.??.??"]
[Round "5"]
[White "Polgar, Zsuzsa"]
[Black "Ioseliani, Nana"]
[Result "1/2-1/2"]
[WhiteElo "2560"]
[BlackElo "2460"]
[Annotator "Ftacnik,L"]
[PlyCount "98"]
[EventDate "1993.02.??"]
[EventType "match"]
[EventRounds "8"]
[EventCountry "MNC"]
[SourceTitle "CBM 034"]
[Source "ChessBase"]
[SourceDate "1993.06.01"]
[SourceVersion "1"]
[SourceVersionDate "1993.06.01"]
[SourceQuality "1"]

1. d4 d5 2. c4 e6 3. Nf3 Nf6 4. Nc3 Bb4 5. Bg5 Nbd7 6. cxd5 exd5 7. Rc1 c6 8.
e3 Qa5 9. Qb3 Ne4 10. Bd3 Nxg5 11. Nxg5 Nf6 12. O-O h6 (12... O-O 13. Na4 Bd6
14. Nc5 h6 15. Nf3 Qc7 16. h3 Re8 $13 {Sorin-Braga/Alicante/1992/}) 13. Nf3 O-O
14. Ne5 Ng4 (14... Re8 15. a3 Bd6) 15. Nxg4 Bxg4 16. a3 Bxc3 17. bxc3 Qc7 18.
c4 dxc4 19. Qxc4 Qe7 20. a4 Rfd8 21. Qc5 Qf6 (21... Qxc5 22. Rxc5 Rd7 23. a5 a6
24. h3 Be6 25. f4 $14) 22. Qb4 Rab8 23. Rc3 Be6 24. Be4 Bd5 25. Bxd5 Rxd5 26.
Rfc1 Qd6 27. Qxd6 Rxd6 28. a5 Kf8 $6 (28... Rc8 29. a6 $140 b6) 29. h4 Ke7 30.
a6 Kd7 31. axb7 Rxb7 32. Ra3 Kc8 33. Ra6 Rc7 34. Kf1 Kb7 35. Rca1 Kb8 36. Ke2
Rd5 37. Rc1 Kb7 38. Rca1 Kb8 39. R6a5 Rb7 40. Rxd5 cxd5 41. Ra5 $14 Rd7 42. Kd3
Kb7 43. Kc3 Kc6 44. Rc5+ Kd6 45. Ra5 Kc6 46. h5 Rc7 47. Kd3 Rd7 48. Kc3 Rc7 49.
Kd3 Rd7 1/2-1/2

[Event "Linares 11th"]
[Site "Linares"]
[Date "1993.??.??"]
[Round "2"]
[White "Kramnik, Vladimir"]
[Black "Kamsky, Gata"]
[Result "1-0"]
[WhiteElo "2685"]
[BlackElo "2655"]
[Annotator "Ftacnik,L"]
[PlyCount "101"]
[EventDate "1993.02.??"]
[EventType "tourn"]
[EventRounds "13"]
[EventCountry "ESP"]
[EventCategory "18"]
[SourceTitle "CBM 034"]
[Source "ChessBase"]
[SourceDate "1993.06.01"]
[SourceVersion "1"]
[SourceVersionDate "1993.06.01"]
[SourceQuality "1"]

1. d4 d5 2. Nf3 Nf6 3. c4 c6 4. Nc3 e6 5. Bg5 Nbd7 6. e3 Qa5 7. Nd2 Bb4 8. Qc2
e5 9. Nb3 Qc7 10. Be2 dxc4 11. Bxc4 O-O 12. O-O Bd6 (12... exd4 13. Nxd4 Bd6
14. f4 $5 (14. Kh1 $6 Be5 $5 15. Rad1 Nb6 16. Be2 Ng4 $5 $36 {Cramling,
P-Smagin,S/Copenhagen/1991/})) 13. h3 Re8 (13... exd4 14. Nxd4 Be5 15. Rad1 Nb6
16. Be2 {xg4}) 14. Rad1 exd4 15. Nxd4 Be5 16. f4 $1 Bxd4 17. Rxd4 $1 (17. exd4
h6 (17... Nb6 18. Bd3 Nbd5 19. Nxd5 Nxd5 20. Bxh7+ Kh8 21. Bd3 f6 22. Bh4 Ne3
23. Qe2) 18. Bh4 Nb6 19. Bd3 Nbd5 {xe3}) 17... Rxe3 18. Rfd1 Nf8 (18... Re8 19.
Nb5 $1 cxb5 $140 $2 20. Bxf7+ $18) 19. f5 Qe7 (19... Re8 $5) (19... Re7 20. Rd8
$40) 20. Bxe3 Qxe3+ 21. Qf2 Qxf2+ 22. Kxf2 Bxf5 23. Rd8 $1 Rxd8 24. Rxd8 b5 25.
Be2 a5 (25... b4 26. Na4 Nd5 27. Nc5 $16) 26. Bf3 Bd7 27. Ra8 g5 (27... a4 28.
Ra6 c5 29. Bc6 $16) 28. Ra6 Ne6 29. Bxc6 Bxc6 30. Rxc6 b4 31. Ne2 a4 (31...
Ne4+ 32. Ke3 N4c5 33. Nd4 $18) 32. Rc4 Nd5 33. g3 Kf8 34. Nd4 Nec7 35. Nc6 b3
36. axb3 axb3 37. Nb4 Ke7 38. Nxd5+ Nxd5 39. Rd4 Ke6 40. Rd3 h5 41. Rxb3 f5 42.
Rb8 f4 43. Rh8 fxg3+ 44. Kxg3 Nf6 45. b4 Kd5 46. Rh6 Ne4+ 47. Kg2 h4 48. Kf3
Nd2+ 49. Kg4 Ne4 50. b5 Nf2+ 51. Kf5 $1 (51. Kf5 $1 Nxh3 52. b6 Nf4 53. b7 $18)
1-0

[Event "Munich SKA"]
[Site "Munich"]
[Date "1994.05.31"]
[Round "9"]
[White "Van der Sterren, Paul"]
[Black "Jussupow, Artur"]
[Result "1/2-1/2"]
[WhiteElo "2605"]
[BlackElo "2655"]
[Annotator "Ftacnik,L"]
[PlyCount "93"]
[EventDate "1994.05.21"]
[EventType "tourn"]
[EventRounds "11"]
[EventCountry "GER"]
[EventCategory "16"]
[SourceTitle "CBM 042"]
[Source "ChessBase"]
[SourceDate "1994.10.01"]
[SourceVersion "1"]
[SourceVersionDate "1994.10.01"]
[SourceQuality "1"]

1. d4 Nf6 2. c4 e6 3. Nf3 d5 4. Nc3 c6 5. Bg5 Nbd7 6. e3 Qa5 7. Nd2 Bb4 8. Qc2
O-O 9. Be2 e5 10. O-O exd4 11. Nb3 Qb6 $5 (11... Qc7 12. Nxd4 Bxc3 13. bxc3
dxc4 14. Bxc4 Qe5 15. Bh4 Qe4 16. Qxe4 Nxe4 17. Rfc1 $10 {Ruban,V-Cvetkovic,S/
Jugoslavia/1993/}) 12. Nxd4 (12. exd4 $5) 12... dxc4 (12... Bxc3 13. bxc3 dxc4
14. Bxf6 (14. Bxc4 Qc5 15. Bxf6 Qxc4 $10) 14... Nxf6 15. Bxc4 $10) 13. Bh4 $1
Qc5 14. Na4 Qa5 15. Bxc4 $1 (15. a3 Bd6 16. Bxc4 b5 $19) 15... c5 $2 (15... Qh5
16. Bg3 Nb6 $1 17. Be2 Bg4 18. f3 Bd7 $14) (15... b5 $2 16. Nxc6 Qxa4 17. Bb3
Qa6 18. Nxb4 $18) 16. Nb5 a6 17. Nd6 b5 18. a3 bxc4 19. axb4 Qxb4 (19... cxb4
20. Qxc4 $16) 20. Qxc4 $1 Rb8 21. Rfc1 Ne5 (21... Qxc4 22. Rxc4 Nb6 23. Rxc5
Nxa4 24. Rxa4 Rxb2 25. h3 $16) 22. Qxc5 $2 (22. Qxb4 Rxb4 (22... cxb4 23. Bg3
Ned7 24. Rc7 $16) 23. Bxf6 gxf6 24. Nxc5 Rxb2 25. Nce4 $18) 22... Qxh4 23. Qxe5
Qxf2+ $1 24. Kxf2 Ng4+ 25. Kg3 Nxe5 26. Nxc8 Rfxc8 27. Rxc8+ Rxc8 28. Nb6 Rc2
29. Rxa6 h5 30. b4 $6 (30. Nd5 Rxb2 31. Nf4 $15) 30... Nd3 31. Nd5 Ne1 32. Ra8+
Kh7 33. b5 Rxg2+ 34. Kf4 Rxh2 35. b6 $132 Rb2 36. Ke5 h4 37. Ra1 $1 Nd3+ 38.
Kd4 Nf2 39. Kc3 Rxb6 (39... Rb5 40. Kc4 Rb2 41. Kc3 $10) 40. Nxb6 h3 41. Kd2 h2
42. Ke2 h1=Q 43. Rxh1+ Nxh1 44. Kf3 Kg6 45. Nc4 Kg5 46. Kg2 Kg4 47. Kxh1 (47.
Kxh1 Kf3 48. Kg1 Ke2 49. Kg2 Kd3 50. Ne5+ Kxe3 51. Nxf7 $10) 1/2-1/2

[Event "Interpolis"]
[Site "Tilburg"]
[Date "1992.10.19"]
[Round "4.4"]
[White "Jussupow, Artur"]
[Black "Kamsky, Gata"]
[Result "1/2-1/2"]
[WhiteElo "2640"]
[BlackElo "2655"]
[Annotator "Ftacnik,L"]
[PlyCount "40"]
[EventDate "1992.10.08"]
[EventType "k.o."]
[EventRounds "7"]
[EventCountry "NED"]
[SourceTitle "CBM 032"]
[Source "ChessBase"]
[SourceDate "1993.02.01"]
[SourceVersion "1"]
[SourceVersionDate "1993.02.01"]
[SourceQuality "1"]

{Barrage 30'} 1. d4 d5 2. c4 e6 3. Nc3 Nf6 4. Nf3 c6 5. Bg5 Nbd7 6. e3 Qa5 7.
Qc2 Bb4 8. Nd2 e5 $5 $146 (8... h6 9. Bh4 g5 10. Bg3 Nh5 11. Be2 Nxg3 12. hxg3
Nf6 13. a3 Bxc3 14. Qxc3 Qxc3 15. bxc3 Bd7 16. f3 Ke7 17. Kf2 Rac8 18. c5 b6
19. Nb3 h5 20. a4 Rb8 21. Rab1 Rhe8 22. c4 Rh8 23. Rhc1 Rhg8 24. cxd5 exd5 25.
Bd3 Rgd8 26. Ke2 $14 {Ionescu,Co-Yang Xian/Dubai olm/1986/}) (8... Ne4 9. Ncxe4
(9. Ndxe4 dxe4 10. Bf4 (10. Bh4 O-O 11. Be2 e5 12. O-O exd4 13. exd4 g5 14. Bg3
f5 15. f4 Bxc3 16. bxc3 g4 17. Bh4 Nb6 18. Rfb1 Be6 19. Rb4 Rf7 20. Rab1 Rc8
21. Bf2 Rd7 22. R1b3 c5 23. Rb5 Qa4 24. d5 Bf7 25. Rb2 Qxc2 26. Rxc2 $16 {
Van_Wely-Weemaes/Sas van Gent/1988/}) 10... e5 11. Bg3 O-O 12. Be2 exd4 13.
exd4 f5 14. Bf4 Be7 15. h4 c5 16. d5 Bf6 17. Bd2 Qd8 18. g4 fxg4 19. Nxe4 Ne5
20. Ng5 Bxg5 21. hxg5 Bf5 22. Qc3 Qd6 23. O-O-O Be4 24. Qg3 Rf3 25. Bxf3 Nd3+
26. Kc2 $13 {Vera,R-Inkiov,V/Roma/1985/}) 9... dxe4 10. Bh4 O-O 11. a3 g5 12.
Bg3 f5 13. O-O-O Bxd2+ 14. Rxd2 f4 15. exf4 gxf4 16. Bh4 Qh5 17. Be7 e3 18. Re2
$16 {Spassov,L-Inkiov,V/Bulgaria (ch)/1984/}) (8... dxc4) 9. Nb3 Qa4 $1 10.
cxd5 (10. dxe5 Ne4 11. Bf4 dxc4 12. Qxe4 cxb3 $17) 10... exd4 11. dxc6 (11.
Nxd4 Qxc2 12. Nxc2 Nxd5 13. Nxb4 Nxb4 $132) 11... dxc3 12. cxd7+ Bxd7 13. bxc3
Qc6 14. Bxf6 gxf6 15. Rc1 Rc8 16. Nd4 (16. Be2 Qxg2 $19) 16... Bxc3+ 17. Kd1
Bxd4 18. Qxc6 Bxc6 19. exd4 O-O (19... Rd8 20. Rc4 Rg8 21. f3 Bb5 $15) 20. Kd2
Rfd8 $15 1/2-1/2

[Event "Prague Chip"]
[Site "Prague"]
[Date "1992.??.??"]
[Round "10"]
[White "Rogers, Ian"]
[Black "Smagin, Sergey"]
[Result "0-1"]
[WhiteElo "2550"]
[BlackElo "2550"]
[Annotator "Ftacnik,L"]
[PlyCount "50"]
[EventDate "1992.01.??"]
[EventType "tourn"]
[EventRounds "13"]
[EventCountry "CZE"]
[EventCategory "11"]
[SourceTitle "CBM 027"]
[Source "ChessBase"]
[SourceDate "1992.04.01"]
[SourceVersion "1"]
[SourceVersionDate "1992.04.01"]
[SourceQuality "1"]

1. d4 Nf6 2. c4 e6 3. Nf3 d5 4. Nc3 Nbd7 5. Bg5 c6 6. e3 Qa5 7. cxd5 Nxd5 8.
Qd2 Bb4 9. Rc1 O-O 10. Bd3 h6 11. Bh4 e5 12. a3 {N} (12. O-O exd4 13. exd4 Re8
14. Bb1 Nf8 15. Ne5 Be6 16. Qd3 (16. Qc2 Ne7 17. Ne4 Nf5 18. a3 Nxd4 19. axb4
Qxe5 $17 {Conquest,S-Smagin,S/Hastings Masters/1990/}) 16... Nf4 17. Qf3 N4g6
18. Bg3 Nxe5 19. Bxe5 f6 20. Bf4 Rad8 $10 {Uhlmann,W-Smagin,S/Dortmund-A/1991/}
) 12... Bxc3 13. bxc3 exd4 14. cxd4 (14. exd4 Re8+ 15. Be2 N7f6 16. c4 Qxd2+
17. Kxd2 Ne4+ 18. Ke1 Nf4 $36) 14... Qxa3 15. O-O Re8 16. Bb1 (16. e4 N5b6 17.
Rfe1 $146) 16... Qb4 17. Qd3 Nf8 18. Ne5 $2 (18. e4 Nf4 19. Qe3 N4g6 20. Bg3
$146) 18... Rxe5 $1 19. Rc4 (19. dxe5 Qxh4 $19) 19... Bf5 20. Qxf5 (20. Rxb4
Bxd3 21. Rxb7 Bxf1 22. dxe5 Bb5 $19) (20. Qe2 Qb5 21. dxe5 Bxb1 $19) 20... Qxc4
21. Qxe5 Nc3 22. g4 (22. Bf5 Ne2+ 23. Kh1 Ng3+ $19) 22... Nxb1 23. Rxb1 Ng6 24.
Qh5 b5 25. Bg3 a5 {Ftacnik,L} 0-1